Preparatory Chemistry: Concepts and applications.(7th edition) (Record no. 54384)

MARC details
000 -LEADER
fixed length control field 00670nam a2200169 a 4500
008 - FIXED-LENGTH DATA ELEMENTS--GENERAL INFORMATION
fixed length control field 210224s2018 ||||||||||||||||| || u
020 ## - INTERNATIONAL STANDARD BOOK NUMBER
International Standard Book Number 9781617404740
050 ## - LIBRARY OF CONGRESS CALL NUMBER
Classification number QD 31.2 Man
100 ## - MAIN ENTRY--PERSONAL NAME
Personal name Mundell, Jerry
245 10 - TITLE STATEMENT
Title Preparatory Chemistry: Concepts and applications.(7th edition)
Statement of responsibility, etc. By Jerry Mundell;Anne O'Connor
250 ## - EDITION STATEMENT
Edition statement 7th edition
260 ## - PUBLICATION, DISTRIBUTION, ETC.
Place of publication, distribution, etc. USA
Name of publisher, distributor, etc. Van-Griner publishing
Date of publication, distribution, etc. 2018
300 ## - PHYSICAL DESCRIPTION
Extent v;398 pages:illustrations
650 #0 - SUBJECT ADDED ENTRY--TOPICAL TERM
Topical term or geographic name entry element CHEMISTRY--HANDBOOKS, MANUALS, ETC
700 ## - ADDED ENTRY--PERSONAL NAME
Personal name O'Connor ,Anne
995 ## - RECOMMENDATION 995 [LOCAL, UNIMARC FRANCE]
-- CBU-MAIN LIBRARY (Kitwe)
-- 1
-- AVAILABLE
-- Mar 31, 2021
-- Main Library Open Access Collection
Holdings
Withdrawn status Lost status Source of classification or shelving scheme Damaged status Not for loan Home library Current library Shelving location Date acquired Total Checkouts Full call number Barcode Date last seen Price effective from Koha item type
          CBU-MAIN LIBRARY, KITWE. CBU-MAIN LIBRARY, KITWE.   11/30/2022   QD 31.2 Man 750837 11/30/2022 11/30/2022 MONOGRAPH